Australian Prime Ministers - Statistics

General Stats
  • This quiz has been taken 2,053 times
    1,185 since last reset
  • The average score is 22 of 31
Answer Stats
Term President % Correct
2022- Anthony Albanese
97%
2018-2022 Scott Morrison
96%
2010-2013 Julia Gillard
94%
2013-2015 Tony Abbott
94%
2007-2010, 2013 Kevin Rudd
93%
2015-2018 Malcolm Turnbull
92%
1996-2007 John Howard
90%
1983-1991 Bob Hawke
86%
1991-1996 Paul Keating
85%
1972-1975 Gough Whitlam
81%
1966-1967 Harold Holt
80%
1901-1903 Sir Edmund Barton
80%
1939-1941, 1949-1966 Sir Robert Menzies
79%
1975-1983 Malcolm Fraser
76%
1903-1904, 1905-1908, 1909-1910 Alfred Deakin
69%
1941-1945 John Curtin
69%
1971-1972 William McMahon
62%
1945-1949 Ben Chifley
61%
1915-1923 Billy Hughes
61%
1968-1971 John Gorton
59%
1967-1968 John McEwen
56%
1908-1909, 1910-1913, 1914-1915 Andrew Fisher
54%
1904 Chris Watson
53%
1932-1939 Joseph Lyons
52%
1945 Frank Forde
50%
1904-1905 George Reid
49%
1929-1932 James Scullin
49%
1913-1914 Joseph Cook
48%
1941 Arthur Fadden
47%
1939 Sir Earle Page
47%
1923-1929 Stanley Bruce
46%
No matching quizzes found
Score Distribution
Percent of People with Each Score
Percentile by Number Answered
Your Score History
You have not taken this quiz since the last reset